[Event "HSG/BUE-ch"]
[Site "Hamburg"]
[Date "2003.09.19"]
[Round "10"]
[White "Lascheit, Horst"]
[Black "Hoff, Guenther"]
[Result "0-1"]
[WhiteElo "1529"]
[BlackElo "1559"]
[PlyCount "72"]
[EventDate "2003.07.04"]
[EventType "swiss"]
[EventRounds "18"]
[EventCountry "GER"]
[SourceTitle "EXT 2009"]
[Source "ChessBase"]
[SourceDate "2008.11.26"]
[SourceVersion "1"]
[SourceVersionDate "2008.11.26"]
[SourceQuality "1"]

1. e4 e6 2. d4 b6 3. Nc3 Bb4 4. Bd2 Ne7 5. Bd3 Ba6 6. Bxa6 Nxa6 7. a3 Bxc3 8. Bxc3 d5 9. exd5 Qxd5 10. Nf3 0-0 11. 0-0 Rad8 12. Qd3 Nb8 13. Rfe1 Nbc6 14. Rad1 Ng6 15. Qe4 Nge7 16. Bb4 Rfe8 17. Bxe7 Rxe7 18. Qxd5 exd5 19. Rxe7 Nxe7 20. Re1 Kf8 21. Kf1 Rd6 22. b4 Rc6 23. Rc1 f6 24. c3 Nf5 25. Ke2 Nd6 26. a4 Ne4 27. Nd2 Rxc3 28. Rd1 Nd6 29. f3 Nf5 30. Nb1 Rb3 31. b5 Ke7 32. g4 Nd6 33. Rc1 Nc4 34. Nd2 Rb2 35. Rd1 Ra2 36. Rc1 Rxd2+ 0-1

[Event "HSG/BUE-ch"]
[Site "Hamburg"]
[Date "2003.09.12"]
[Round "9"]
[White "Lascheit, Horst"]
[Black "Prior, Alex"]
[Result "0-1"]
[WhiteElo "1529"]
[BlackElo "1564"]
[PlyCount "122"]
[EventDate "2003.07.04"]
[EventType "swiss"]
[EventRounds "18"]
[EventCountry "GER"]
[SourceTitle "EXT 2009"]
[Source "ChessBase"]
[SourceDate "2008.11.26"]
[SourceVersion "1"]
[SourceVersionDate "2008.11.26"]
[SourceQuality "1"]

1. e4 c5 2. Nf3 Nc6 3. d4 cxd4 4. Nxd4 e5 5. Nb3 Nf6 6. Nc3 Bb4 7. Bd3 Bxc3+ 8. bxc3 0-0 9. 0-0 d6 10. Bg5 Be6 11. Kh1 Rc8 12. Qe2 h6 13. Bh4 Na5 14. Nxa5 Qxa5 15. Bxf6 gxf6 16. c4 Kh7 17. f4 Qc7 18. f5 Bxc4 19. Rf3 Bxd3 20. cxd3 Rg8 21. Qf2 Qc1+ 22. Qf1 Qxf1+ 23. Rfxf1 Rc2 24. g3 Rgc8 25. Rab1 b6 26. a4 Ra2 27. Ra1 Rxa1 28. Rxa1 Rc3 29. Rb1 Rxd3 30. Rb4 Rd4 31. Rxd4 exd4 32. Kg1 Kg7 33. Kf2 Kf8 34. Ke2 Ke7 35. Kd3 Kd7 36. Kxd4 Kc6 37. Kc4 a6 38. Kd4 b5 39. axb5+ axb5 40. g4 d5 41. exd5+ Kd6 42. h3 b4 43. Kc4 b3 44. Kxb3 Kxd5 45. Kc3 Ke4 46. Kd2 Kf3 47. Ke1 Kg3 48. Ke2 Kxh3 49. Kf3 Kh4 50. Kf4 h5 51. gxh5 Kxh5 52. Kf3 Kg5 53. Kg3 Kxf5 54. Kf3 Ke5 55. Ke3 f5 56. Kf3 f4 57. Kf2 Ke4 58. Ke2 f3+ 59. Kf1 Ke3 60. Ke1 f2+ 61. Kf1 f6 0-1

[Event "HSG/BUE-ch"]
[Site "Hamburg"]
[Date "2003.07.04"]
[Round "1"]
[White "Lascheit, Horst"]
[Black "Eusch, Johann"]
[Result "0-1"]
[WhiteElo "1558"]
[BlackElo "1626"]
[PlyCount "88"]
[EventDate "2003.07.04"]
[EventType "swiss"]
[EventRounds "18"]
[EventCountry "GER"]
[SourceTitle "EXT 2009"]
[Source "ChessBase"]
[SourceDate "2008.11.26"]
[SourceVersion "1"]
[SourceVersionDate "2008.11.26"]
[SourceQuality "1"]

1. e4 c5 2. Nf3 Nc6 3. d4 cxd4 4. Nxd4 e5 5. Nb3 d6 6. Bc4 Nf6 7. Bg5 Be7 8. Bxf6 Bxf6 9. Nc3 0-0 10. f3 a6 11. Nd5 Be6 12. Nxf6+ Qxf6 13. Bxe6 Qxe6 14. Qd5 Qxd5 15. exd5 Nb4 16. 0-0 Nxc2 17. Rac1 Rfc8 18. Kf2 f5 19. a3 f4 20. Rfd1 Ne3 21. Rd3 Rxc1 22. Nxc1 Rc8 23. Ne2 Rc2 24. b3 b5 25. b4 g5 26. g3 h5 27. Ke1 Kf7 28. Rc3 Rxc3 29. Nxc3 Nc2+ 30. Kf2 Nxa3 31. Na2 fxg3+ 32. hxg3 Kg6 33. g4 Nc4 34. Nc3 h4 35. Ne4 a5 36. bxa5 Nxa5 37. Nxd6 b4 38. Ne4 b3 39. d6 b2 40. d7 Nc6 41. Nd2 Kf7 42. Ke1 Ke7 43. Kd1 b1Q+ 44. Nxb1 h3 0-1